Transnacionálne korporácie a ich vplyv na kapitalizáciu firiem bakalárska práca

Gespeichert in:
Bibliographische Detailangaben
1. Verfasser: Adamusová, Eva
Körperschaft: Obchodná fakulta EU. Katedra medzinárodného obchodu
Weitere Verfasser: Thomas, Róbert
Format: Buch
Sprache:Slowakisch
Veröffentlicht: Bratislava 2011
Tags: Tag hinzufügen
Keine Tags, Fügen Sie das erste Tag hinzu!

MARC

LEADER 00000nam a2200000 4500
001 0150717
005 20240320072205.6
041 0 |a slo 
044 |a SK 
245 1 0 |a Transnacionálne korporácie a ich vplyv na kapitalizáciu firiem  |b bakalárska práca  |c Eva Adamusová ; školiteľ: Róbert Thomas 
264 1 |a Bratislava  |c 2011 
300 |a 49 s. 
100 1 |a Adamusová, Eva 
700 1 |a Thomas, Róbert 
710 2 |a Obchodná fakulta EU. Katedra medzinárodného obchodu